| 000 | 00591nam a2200193 i 4500 | ||
|---|---|---|---|
| 001 | 43684 | ||
| 003 | ES-MaACL | ||
| 005 | 20250812020243.0 | ||
| 007 | t| | ||
| 008 | 030318s1897 sp ||||1| spa d | ||
| 111 | 2 |
_aExposición Nacional de Bellas Artes ( _d1897. _cMadrid) _9137423 |
|
| 245 | 1 | 0 | _aCatálogo de la exposición general de Bellas Artes 1897. |
| 250 | _aEd. oficial. | ||
| 260 |
_aMadrid : _b[s.n.], _c1897 ( _fCelestino Apalaza) |
||
| 300 |
_a240 p. ; _c15 cm. |
||
| 650 | 0 | 4 |
_aArte español- _yS.XIX _910198 |
| 852 |
_aES-MaACL _jD-2968 |
||
| 999 |
_c43684 _d43684 |
||